000 00720nam a22002537a 4500
001 124811
003 UA-OsUOA
005 20220409185511.0
007 ta
008 20170828b un ||||| |||| 00| 0 ukr d
020 _a9786176610649
040 _aUA-OsUOA
_bukr
_cUA-OsUOA
_dUA-OsUOA
041 _aukr
080 _a821.161.2
090 _a821.161.2
_bП63
100 _aПостоловський С.
245 _aОстання справа полковника принципа
260 _aК.
_bСамміт-Книга
_c2014
300 _a340 с.
650 7 _a821 Художня література
_2UDC
942 _cBK
_2udc
955 _a3
999 _c411994
_d411994